The civil engineering handbook / (Record no. 528215)

000 -LEADER
fixed length control field 01041cam a2200277 a 4500
001 - CONTROL NUMBER
control field 4908594
003 - CONTROL NUMBER IDENTIFIER
control field NUST
005 - DATE AND TIME OF LATEST TRANSACTION
control field 20190902113213.0
008 - FIXED-LENGTH DATA ELEMENTS--GENERAL INFORMATION
fixed length control field 941130s1995 flua bf 001 0 eng
010 ## - LIBRARY OF CONGRESS CONTROL NUMBER
LC control number 94045572
020 ## - INTERNATIONAL STANDARD BOOK NUMBER
International Standard Book Number 0849389534 (acidfree paper)
038 ## - RECORD CONTENT LICENSOR
Staff Name M.Ramzan
040 ## - CATALOGING SOURCE
Original cataloging agency DLC
Transcribing agency DLC
Modifying agency DLC
050 00 - LIBRARY OF CONGRESS CALL NUMBER
Classification number TA151
Item number .C57 1995
082 00 - DEWEY DECIMAL CLASSIFICATION NUMBER
Classification number 624
Edition number 20
Author Mark CHE
245 04 - TITLE STATEMENT
Title The civil engineering handbook /
Statement of responsibility, etc. editor-in-chief, W.F. Chen.
260 ## - PUBLICATION, DISTRIBUTION, ETC.
Place of publication, distribution, etc. Boca Raton :
Name of publisher, distributor, etc. CRC Press,
Date of publication, distribution, etc. c1995.
300 ## - PHYSICAL DESCRIPTION
Extent xxvi, 2609 p. :
Other physical details ill. ;
Dimensions 26 cm.
504 ## - BIBLIOGRAPHY, ETC. NOTE
Bibliography, etc. note Includes bibliographical references and index.
650 #0 - SUBJECT ADDED ENTRY--TOPICAL TERM
Topical term or geographic name entry element Civil engineering
General subdivision Handbooks, manuals, etc.
9 (RLIN) 19839
700 1# - ADDED ENTRY--PERSONAL NAME
Personal name Chen, Wai-Fah,
Dates associated with a name 1936-
9 (RLIN) 19840
856 42 - ELECTRONIC LOCATION AND ACCESS
Materials specified Publisher description
Uniform Resource Identifier <a href="http://www.loc.gov/catdir/enhancements/fy0744/94045572-d.html">http://www.loc.gov/catdir/enhancements/fy0744/94045572-d.html</a>
906 ## - LOCAL DATA ELEMENT F, LDF (RLIN)
a 7
b cbc
c orignew
d 1
e ocip
f 19
g y-gencatlg
942 ## - ADDED ENTRY ELEMENTS (KOHA)
Source of classification or shelving scheme
Koha item type Book
Holdings
Withdrawn status Lost status Source of classification or shelving scheme Damaged status Not for loan Permanent Location Current Location Date acquired Total Checkouts Full call number Barcode Date last seen Price effective from Koha item type
          School of Civil and Environmental Engineering (SCEE) School of Civil and Environmental Engineering (SCEE) 09/02/2019   624 CHE NIT-10278 09/02/2019 09/02/2019 Book
© 2023 Central Library, National University of Sciences and Technology. All Rights Reserved.